00753pam a2200205 a 4500020001500000040000800015082002600023100002600049245004300075260003100118300005100149650001700200650001500217650001200232856006600244856006600310942000700376999001700383952014700400 a0471624047 cDLC00a551 WIL 1990 A027 Or.1 aWanielista, Martin P.10aHydrology and water quantity control / aNew York :bWiley,cc1990. axx, 565 p. :bill. ;c25 cm. +ecomputer disk. 0aWater-supply 0aHydrology. 0aRunoff.42uhttp://www.loc.gov/catdir/enhancements/fy0607/89038369-d.html41uhttp://www.loc.gov/catdir/enhancements/fy0607/89038369-t.html cEK c13446d13446 0010406551_000000000000000_WIL_1990_A027_OR70964472aLBAbLBAcA027d2017-08-26o551 WIL 1990 A027 Or.pA20070r2017-08-26w2017-08-26yEK